The Institution of Arbitration in Islam /
Saved in:
| 主要作者: | |
|---|---|
| 格式: | Thesis |
| 語言: | English |
| 出版: |
Petaling Jaya
: International Islamic University Malaysia,
1991
|
| 主題: | |
| 在線閱讀: | Click here to view 1st 24 pages of the thesis. Members can view fulltext at the specified PCs in the library. |
| 標簽: |
添加標簽
沒有標簽, 成為第一個標記此記錄!
|
| LEADER | 012740000a22002890004500 | ||
|---|---|---|---|
| 001 | 68033 | ||
| 005 | 20100331154900.0 | ||
| 008 | 921029s1991 eng | ||
| 035 | |a 257509 | ||
| 035 | |a (Sirsi) 68033 | ||
| 040 | |a UIAM |b eng | ||
| 049 | |b m | ||
| 050 | |a BP158.3A81 | ||
| 100 | 0 | |a Abdul Razak Ibrahim | |
| 245 | 1 | 4 | |a The Institution of Arbitration in Islam / |c Abdul Razak Ibrahim |
| 260 | 1 | |a Petaling Jaya |b : International Islamic University Malaysia, |c 1991 | |
| 300 | |a 133 p. | ||
| 502 | |a (M.C.L.)--International Islamic University Malaysia, 1991 | ||
| 596 | |a 1 | ||
| 650 | 0 | |a Arbitration and award (Islamic law) | |
| 650 | 0 | |a Obligations (Islamic law) | |
| 650 | 0 | |a Arbitration agreements, Commercial | |
| 856 | |u http://studentrepo.iium.edu.my/handle/123456789/1896 |z Click here to view 1st 24 pages of the thesis. Members can view fulltext at the specified PCs in the library. | ||
| 900 | |a bal-hm | ||
| 999 | |c 430254 |d 461745 | ||
| 952 | |0 0 |6 T BP158.3A81A1356I 1992 |7 0 |8 THESES |9 749412 |a IIUM |b IIUM |c MULTIMEDIA |g 0.00 |o t BP158.3A81A1356I 1992 |p 00000264264 |r 2017-10-17 |t 2 |v 0.00 |y THESIS | ||
| 952 | |0 0 |6 LU T BP158.3A81A1356I 1992 |7 0 |8 LESSUSED |9 788121 |a IIUM |b IIUM |c CLOSEACCES |g 0.00 |o lu t BP158.3A81A1356I 1992 |p 00010981823 |r 2017-10-24 |t 1 |v 0.00 |y BOOKSTRICT | ||
